Dirección participativa y evaluación de centros
Uloženo v:
| Korporativní autor: | |
|---|---|
| Médium: | Kniha |
| Jazyk: | španělština |
| Vydáno: |
Bilbao
Mensajero
1996
|
| Edice: | Estudios e Investigaciones
|
| Témata: | |
| Tagy: |
Přidat tag
Žádné tagy, Buďte první, kdo vytvoří štítek k tomuto záznamu!
|
MARC
| LEADER | 00000nam a2200000 a 4500 | ||
|---|---|---|---|
| 001 | UCG1811 | ||
| 003 | CL-VaPUC | ||
| 005 | 20230325074256.0 | ||
| 008 | 100520e19960000sp 1 spa d | ||
| 020 | |a 8427120338 | ||
| 082 | 0 | 4 | |a 371.02 |b UNI |2 21 |
| 110 | 2 | |a Universidad de Deusto |e author |9 621629 | |
| 245 | 1 | 0 | |a Dirección participativa y evaluación de centros |
| 260 | |a Bilbao |b Mensajero |c 1996 | ||
| 300 | |a 921 p | ||
| 490 | 0 | |a Estudios e Investigaciones | |
| 583 | |a last modification |c 20170504 12:29:06 |k Rodrigo Vera | ||
| 650 | 0 | 0 | |a Administración de la enseñanza |9 261034 |
| 650 | 0 | 0 | |a Gestión educacional |9 261035 |
| 650 | 0 | 0 | |a Calidad de la educación |9 307271 |
| 650 | 0 | 0 | |a Evaluación de la educación |9 237505 |
| 650 | 0 | 0 | |a Congresos |9 257560 |
| 942 | |c BK | ||
| 945 | |a rbrito |d 20100520 00:00:00 | ||
| 546 | |a En Español | ||
| 536 | |a I.C.E.-Universidad de Deusto | ||
| 518 | |p Congreso internacional sobre dirección de centros docentes, 2, Bilbao, 1992 | ||
| 999 | |c 384554 |d 384552 | ||
| 952 | |0 0 |1 0 |4 0 |6 371_020000000000000_UNI_1996 |7 0 |8 A |9 507346 |a BIBEDU |b BIBEDU |d 2020-01-23 |i 4676580 |o 371.02 UNI 1996 |p 4676580 |r 2020-01-23 |w 2020-01-23 |y BK |k EPE | ||